Name Every Country in Africa - No Map - Statistics

General Stats
  • This quiz has been taken 111 times
    94 since last reset
  • The average score is 46 of 54
Answer Stats
Country % Correct
Algeria
94%
Egypt
94%
Morocco
92%
Niger
92%
Zimbabwe
92%
Democratic Republic of the Congo
91%
Nigeria
91%
Zambia
91%
Chad
90%
Ethiopia
90%
Ghana
90%
South Africa
90%
Botswana
88%
Kenya
88%
Libya
88%
Congo
87%
Sudan
87%
Angola
86%
Lesotho
86%
Mali
86%
South Sudan
86%
Tunisia
86%
Cameroon
85%
Mauritius
85%
Burkina Faso
83%
Djibouti
83%
Tanzania
83%
Uganda
83%
Benin
82%
Central African Republic
82%
Eritrea
82%
Eswatini
82%
Gambia
82%
Ivory Coast
82%
Liberia
82%
Madagascar
82%
Mauritania
82%
Mozambique
82%
Rwanda
82%
Seychelles
82%
Somalia
82%
Togo
82%
Gabon
81%
Namibia
81%
Senegal
81%
Burundi
79%
Cape Verde
79%
Equatorial Guinea
79%
Guinea
79%
Sierra Leone
79%
Guinea-Bissau
77%
Malawi
77%
Comoros
76%
Sao Tome and Principe
76%
No matching quizzes found
Score Distribution
Percent of People with Each Score
Percentile by Number Answered
Your Score History
You have not taken this quiz since the last reset